| 000 | 00654nam a2200205 a 4500 | ||
|---|---|---|---|
| 005 | 20140310183212.0 | ||
| 008 | 970101s19uu xx 00 eng d | ||
| 020 | _a9622582419 | ||
| 050 |
_aRC 86.7 _b.R286 1999 |
||
| 245 | _aReader's Digest Home emergerncy medical guide / | ||
| 260 |
_aAsia : _bReader's Digest, _c1999. |
||
| 300 |
_a320 p. : _bill. (col.) ; _c32 cm. |
||
| 521 | _aNUR | ||
| 650 | _aFirst aid in illness and injury handbooks, manuals, etc. | ||
| 650 |
_aMedical emergencies _xhandbooks,manuals ,etc. |
||
| 650 | _aReader's Digest (Australia) | ||
| 650 | _aAustralian red Cross Society | ||
| 942 |
_cBK _2lcc _kFOR |
||
| 999 |
_c20145 _d20145 |
||